000
00234nmm a2200085Ia 4500
008
220120s9999||||xx |||||||||||||||||und||
100
_a
IT
_9
10698
245
0
_a
SYS : Admin. LAN View 1.9, Multimedia, Winamp full 5.08, Aud
260
_c
2005
999
_c
138791
_d
138791